Lợi hóa theo điều khiển suy rộng của một lớp các bài toán biến phân không lồi /

Đã lưu trong:
Sonraí Bibleagrafaíochta
Príomhúdar: Nguyễn Định.
Formáid: Bài viết
Teanga:Vietnamese
Clibeanna: Cuir Clib Leis
Gan Chlibeanna, Bí ar an gcéad duine leis an taifead seo a chlibeáil!
Thư viện lưu trữ: Thư viện Trường Đại học Đà Lạt
LEADER 00750nam a2200229 4500
001 DLU120000735
005 ##20120726
040 # # |a DLU  |b vie 
041 # # |a vie 
044 # # |a vn 
100 # # |a Nguyễn Định. 
245 # # |a Lợi hóa theo điều khiển suy rộng của một lớp các bài toán biến phân không lồi /  |c Nguyễn Định. 
773 # # |t Thông báo khoa học và giáo dục = Bulletin of scientific and education   |g Số 6,1996, tr. 37-52 
920 # # |a Phòng Tạp chí -- Trung tâm Thông tin - Thư viện Trường Đại học Đà Lạt 
994 # # |a DLU 
900 # # |a True 
911 # # |a Nguyễn Thị Mai Anh 
925 # # |a G 
926 # # |a A 
927 # # |a BB 
980 # # |a Thư viện Trường Đại học Đà Lạt